Dead Rock Musicians Quiz - Statistics

General Stats
  • This quiz has been taken 787 times
    686 since last reset
  • The average score is 8 of 22
Answer Stats
Hint Rockstar % Correct
Born Farrokh Bulsara, died of AIDS in 1991 Freddie Mercury
85%
Daughter is "Frances Bean", suicide by shotgun Kurt Cobain
76%
Played right handed guitar left handed, died of asphyxia at 27 Jimi Hendrix
74%
Mr. Mojo Risin', Died in Paris under questionable circumstances Jim Morrison
73%
Released 3 albums, she died of a heroin overdose at 27 Janis Joplin
68%
Liked to play a Rickenbacker 325, Shot in New York City John Lennon
56%
Accidentally stabbed his girlfriend to death, died in his apartment while doing drugs Sid Vicious
41%
Debut album called "Texas Flood", died in helicopter crash Stevie Ray Vaughan
39%
Heavy Metal bass player, brother of Tim, thrown from and crushed by bus Cliff Burton
38%
Born in Scotland, choked on own vomit in a Renault Bon Scott
37%
Waylon Jennings played bass in his band, died in a plane crash Buddy Holly
35%
Briefly called himself "Elmo Lewis", drowned in swimming pool Brian Jones
31%
Nickname was Skydog, died in motorcycle crash in 1971 Duane Allman
30%
Played with Ozzy and Quiet Riot, died when plane he was on hit tour bus Randy Rhoads
25%
Weighed approximately 300lbs, died of heart failure at 32 in 1974 Cass Elliot
21%
Older brother to 2 other rock vocalists, died in a plane crash in 1977 Ronnie Van Zant
21%
One of 3 brothers in band, Drowned at Marina Del Rey Dennis Wilson
20%
Suffered from epilepsy, hung himself in his kitchen in England Ian Curtis
17%
Middle name was Nesta, died at 35 from cancer Bob Marley
16%
Acted in several movies, committed suicide with a snakeskin belt Michael Hutchence
13%
"Bee Girl" on album cover, died of cocaine overdose at 28 Shannon Hoon
10%
Sang for the Pogues after McGowan quit, died of a heart attack just before Christmas Joe Strummer
3%
No matching quizzes found
Score Distribution
Percent of People with Each Score
Percentile by Number Answered
Your Score History
You have not taken this quiz since the last reset